Fundamentals of Financial Management Blueprints. A Problem Notebook

Enregistré dans:
Détails bibliographiques
Auteur principal: Brigham, Eugene F.
Format: Livre
Langue:anglais
Publié: Chicago Dryden Press 1989
Édition:5. ed.
Tags: Ajouter un tag
Pas de tags, Soyez le premier à ajouter un tag!

MARC

LEADER 00000nam a2200000 4500
001 c041127
005 20221215113828.3
041 0 |a eng 
044 |a US 
245 1 0 |a Fundamentals of Financial Management  |b Blueprints. A Problem Notebook  |c Eugene F. Brigham 
250 |a 5. ed. 
264 1 |a Chicago  |b Dryden Press  |c 1989 
300 |a Prer. s. 
100 1 |a Brigham, Eugene F.